Statistics for Star Wars Vehicles

Click here to take the quiz!

General Stats

  • This quiz has been taken 13 times
  • The average score is 4 of 7

Answer Stats

Answer% Correct
AT-AT
100%
AT-ST
92%
Snowspeeder
77%
Speeder Bike
62%
Landspeeder
54%
T-16 Skyhopper
31%
Cargo Skiff
8%

Score Distribution

Percentile by Number Answered

Percent of People with Each Score

Your Score History

You have not taken this quiz